|
|
|
|
| LEADER |
00000nam0a2200000 4500 |
| 001 |
281320 |
| 005 |
20231101235406.0 |
| 035 |
|
|
|a (RuTPU)RU\TPU\book\305027
|
| 090 |
|
|
|a 281320
|
| 100 |
|
|
|a 20150121d1986 k y0rusy50 ca
|
| 101 |
0 |
|
|a rus
|
| 102 |
|
|
|a RU
|
| 105 |
|
|
|a y z 001zy
|
| 200 |
1 |
|
|a Нюрнбергский процесс и современность
|e сборник статей
|f Академия наук СССР (АН СССР), Институт государства и права (ИГП) ; под ред. В. В. Пустогарова
|
| 210 |
|
|
|a Москва
|c Изд-во ин-та государства и права АН СССР
|d 1986
|
| 215 |
|
|
|a 175 с.
|
| 320 |
|
|
|a Библиография в примечаниях.
|
| 606 |
1 |
|
|a Преступления против человечества
|2 stltpush
|3 (RuTPU)RU\TPU\subj\51461
|9 70056
|
| 610 |
1 |
|
|a Нюрнбергский процесс
|
| 610 |
1 |
|
|a история
|
| 610 |
1 |
|
|a фашизм
|
| 610 |
1 |
|
|a Третий Рейх
|
| 610 |
1 |
|
|a военная юстиция
|
| 610 |
1 |
|
|a судебный процесс
|
| 610 |
1 |
|
|a 20 век
|
| 610 |
1 |
|
|a военные преступления
|
| 686 |
|
|
|a Х919
|v LBC/SL-A
|2 rubbk
|
| 702 |
|
1 |
|a Пустогаров
|b В. В.
|4 340
|
| 712 |
0 |
2 |
|a Академия наук СССР (АН СССР)
|b Институт государства и права (ИГП)
|c (Москва)
|2 stltpush
|3 (RuTPU)RU\TPU\col\11358
|
| 801 |
|
1 |
|a RU
|b 63413507
|c 20150121
|
| 801 |
|
2 |
|a RU
|b 63413507
|c 20170119
|g RCR
|
| 942 |
|
|
|c BK
|